| 000 | 00785cab a2200193 4500 | ||
|---|---|---|---|
| 001 | ABS43281 | ||
| 008 | 090401t1990 xxu||||| |||| 00| 0 eng d | ||
| 035 | _a(Sirsi) u41202 | ||
| 041 | _aeng | ||
| 100 | _aDavis, A. | ||
| 245 | _aVAT for commercial lenders | ||
| 260 | _c1990 | ||
| 350 | _a0 | ||
| 490 |
_aEstates Gazette _v(9033) 18 August 1990, 38-40(3) |
||
| 520 | _aReviews the rules introduced by the Finance Act 1989 relating to the VAT treatment of commercial property transactions; the effect of the rules on lenders, VAT refunds, stamp duty , the election of a purchaser to waiver exemption recovery of VAT chargeable on a borrower under a "self-supply", VAT chargeable on the disposal of commercial land . | ||
| 690 | _aTAXATION | ||
| 942 | _n0 | ||
| 948 | _c04/03/1997 | ||
| 999 |
_c26469 _d26469 |
||